Loading...
| Literature - American Literature | 0 | 6 | 1 | 0 | 55 | 16 | 95.33 | 1 | 3 |
| Literature - British Literature | 0 | 4 | 0 | 0 | 40 | 89 | 124.25 | 0 | 1 |
| Fine Arts - Other Fine Arts | 0 | 2 | 0 | 2 | 20 | 118 | 118.00 | 0 | 0 |
| Literature - World/Other Literature | 0 | 2 | 0 | 0 | 20 | 50 | 96.00 | 1 | 1 |
| Literature - European Literature | 0 | 1 | 0 | 0 | 10 | 144 | 144.00 | 0 | 0 |
| Fine Arts - Classical Music | 0 | 1 | 0 | 0 | 10 | 129 | 129.00 | 0 | 0 |
| Fine Arts - Visual Fine Arts | 0 | 1 | 0 | 0 | 10 | 131 | 131.00 | 0 | 1 |
| History - American History | 0 | 1 | 0 | 0 | 10 | 130 | 130.00 | 0 | 0 |
| History - Other History | 0 | 1 | 0 | 1 | 10 | 120 | 120.00 | 0 | 0 |
| Pop Culture | 0 | 1 | 0 | 0 | 10 | 63 | 63.00 | 0 | 1 |
| Science - Biology | 0 | 1 | 0 | 1 | 10 | 127 | 127.00 | 0 | 0 |
| Philosophy | 0 | 1 | 0 | 0 | 10 | 85 | 85.00 | 0 | 1 |
| Social Science | 0 | 0 | 1 | 0 | -5 | 0.00 | 0 | 0 | |
| History - European History | 0 | 0 | 2 | 0 | -10 | 0.00 | 0 | 0 |